|
|
|
|
| LEADER |
01701nnm a2200301 i 4500 |
| 001 |
eta2379 |
| 005 |
20200103133621.0 |
| 008 |
200103s2017 hu o 0|| eng d |
| 040 |
|
|
|a SZTE Elektronikus Tananyag Archívum
|b hun
|
| 041 |
|
|
|a eng
|
| 100 |
1 |
|
|a Bilicki Vilmos
|
| 245 |
1 |
0 |
|a Developing program systems
|h [elektronikus dokumentum] /
|c Bilicki Vilmos
|
| 260 |
|
|
|c 2017
|
| 516 |
|
|
|a Presentation
|
| 650 |
|
4 |
|a Természettudományok
|
| 650 |
|
4 |
|a Számítás- és információtudomány
|
| 650 |
|
4 |
|a Számítástudomány, információtudomány és bioinformatika
|
| 856 |
4 |
0 |
|u https://eta.bibl.u-szeged.hu/2379/1/1.%20Introduction.pdf
|z Dokumentum-elérés
|
| 856 |
4 |
0 |
|u https://eta.bibl.u-szeged.hu/2379/3/2.%20Javascript%20-%20Typescript%20en.pdf
|z Dokumentum-elérés
|
| 856 |
4 |
0 |
|u https://eta.bibl.u-szeged.hu/2379/4/3.%20Distributed%20systems.pdf
|z Dokumentum-elérés
|
| 856 |
4 |
0 |
|u https://eta.bibl.u-szeged.hu/2379/2/4.%20Web%20Services.pdf
|z Dokumentum-elérés
|
| 856 |
4 |
0 |
|u https://eta.bibl.u-szeged.hu/2379/3/5.%20NodeJS-en.pdf
|z Dokumentum-elérés
|
| 856 |
4 |
0 |
|u https://eta.bibl.u-szeged.hu/2379/5/6.%20Data%20persistence.pdf
|z Dokumentum-elérés
|
| 856 |
4 |
0 |
|u https://eta.bibl.u-szeged.hu/2379/6/7.%20Data%20Handling%20-%20MongoDB.pdf
|z Dokumentum-elérés
|
| 856 |
4 |
0 |
|u https://eta.bibl.u-szeged.hu/2379/8/9.%20%20UI%20-%20Angular%20-%20IONIC%20-en.pdf
|z Dokumentum-elérés
|
| 856 |
4 |
0 |
|u https://eta.bibl.u-szeged.hu/2379/6/10.%20Data%20handling%20-%20JPA-Hibernate.pdf
|z Dokumentum-elérés
|
| 856 |
4 |
0 |
|u https://eta.bibl.u-szeged.hu/2379/7/11.%20JEE%20-%20CDI-en.pdf
|z Dokumentum-elérés
|
| 856 |
4 |
0 |
|u https://eta.bibl.u-szeged.hu/2379/9/Questions.pdf
|z Dokumentum-elérés
|